Sports Quiz

Random Sports Quiz

Most Games By Position Per MLB Team (NL) Quiz Stats

Quiz not verified by Sporcle

Also try: 25 Famous Boxers
Challenge
Share
Tweet
Embed
Score 0/150 Timer 20:00
0 Plays Today
Player % Correct
Randy Johnson
94.3%
Eric Young
90.7%
Eddie Mathews
89.6%
Luis Gonzalez
88.9%
Gil Hodges
88.2%
Derrek Lee
87.1%
Matt Williams
86.5%
Luis Castillo
85.5%
Dante Bichette
85.1%
Dale Murphy
83.1%
Roberto Clemente
83.1%
Sammy Sosa
82.6%
Vada Pinson
82.4%
Cap Anson
82.2%
Mike Lieberthal
80.4%
Paul Waner
79.5%
Fergie Jenkins
77.7%
Herman Long
77.2%
Garry Templeton
76.1%
Tim Flannery
74.9%
Willie McCovey
73.4%
Ted Kluszewski
71.6%
Braden Looper
71.3%
Vinny Castilla
70%
Pee Wee Reese
69.7%
Sherry Magee
68.8%
Jim Wynn
68.6%
Frank Robinson
67.9%
Ron Cey
67.9%
Lee Smith
67.7%
Ron Santo
64.8%
Craig Biggio
64.6%
Neifi Perez
63.6%
Gus Suhr
63.4%
Jose Cruz
63.2%
Chris Young
63%
Davey Lopes
62.3%
Fred Tenney
61.8%
Aaron Cook
61.6%
Honus Wagner
61%
Andruw Jones
60.3%
Larry Walker
60%
Eppa Rixey
59.1%
Ryne Sandberg
57.6%
Conor Jackson
57.3%
Hank Aaron
56.7%
Edd Roush
54.2%
Jim Davenport
53.9%
Cesar Cedeno
53.3%
Darryl Strawberry
52.1%
Player % Correct
Jeff Bagwell
51.5%
Charles Johnson
51.3%
Fred Luderus
51.3%
Dave Smith
51%
Roger Metzger
51%
Larry Doyle
48.3%
Jeff Reed
48.1%
Jim Brewer/Ron Perranoski
47.9%
Max Carey
46.9%
Steve Finley
46.7%
Matt Holliday
46.7%
Bob Friend
45.8%
John Franco
45.4%
Tom Seaver
45.2%
Tug McGraw
43.8%
Christy Mathewson
43.4%
Randy Jones
41.1%
Tony Womack
40.8%
Gary Lavelle
40.8%
Jeff Conine
40.4%
Bid McPhee
40.2%
Steve Reed
39.5%
Dave Winfield
39%
Willie Davis
37.9%
Tony Gwynn
36.8%
Preston Wilson
36.3%
Luis Salazar
35.7%
Mookie Wilson
35.2%
Brad Ausmus
34.8%
Bud Harrelson
33.6%
Mike Schmidt
33.4%
Del Ennis
32.9%
Don Sutton
30.9%
Zack Wheat
30.7%
Larry Dierker
30%
Mike Scioscia
29.8%
Jose Valverde
29.4%
Nate Colbert
29.3%
Jimmy Ryan
28%
Cliff Floyd
27.3%
Chris Snyder
26.6%
Dave Concepcion
25.9%
Dontrelle Willis
25.7%
Doug Rader
25.7%
David Wright
25.1%
Johnny Bench
23.5%
Warren Spahn
22.6%
Orlando Hudson
22.1%
Alex Gonzalez
21.4%
Steve Carlton
21.4%
Player % Correct
Gabby Hartnett
21.2%
Trevor Hoffman
20.3%
Billy Williams
19.6%
Todd Helton
19.6%
Don Kessinger
19%
Tony Taylor
18%
Jerry Grote
17.6%
Cleon Jones
17.2%
Mike Lowell
16.7%
Larry Bowa
16.5%
Wally Backman
16.3%
Ozzie Smith
15.8%
Duke Snider
15.4%
Willie Mays
15.1%
Barry Bonds
14.9%
Stan Musial
14.7%
Gary Carter
14.7%
Bill Mazeroski
14.5%
Andre Dawson
14.5%
Bob Gibson
14%
Tim Raines
14%
Ed Kranepool
13.8%
Terry Kennedy
13.8%
Brian Giles
13.3%
Mel Ott
13.3%
Pedro Borbon
13.1%
Tim Wallach
13.1%
Del Crandall
12.7%
Lou Brock
12.6%
Hick Carpenter
12.2%
Richie Ashburn
12.2%
Ted Simmons
12.2%
Jason Kendall
12%
Vladimir Guerrero
11.8%
Andres Galarraga
11.7%
Pie Traynor
11.3%
Jose Vidro
11.3%
Ken Boyer
10.4%
Steve Rogers
10.2%
Travis Jackson
9.7%
Enos Slaughter
8.6%
Wes Westrum
8.3%
Glenn Hubbard
8.1%
Chris Speier
5.9%
Roy Face
5.6%
Gene Garber
5.2%
Julian Javier
5.2%
Jim Bottomley
4.8%
Jason Isringhausen
4.1%
Tim Burke
3.4%

You're not logged in!

Compare scores with friends on all Sporcle quizzes.
Sign Up with Email
OR
Log In

You Might Also Like...

Show Comments

Extras

Top Quizzes Today


Score Distribution

Your Account Isn't Verified!

In order to create a playlist on Sporcle, you need to verify the email address you used during registration. Go to your Sporcle Settings to finish the process.